České nářeční texty : [vysokošk. učeb. pro filozof. a pedagog. fakulty /

Bibliographic Details
Other Authors: Lamprecht, Arnošt
Format: Book
Language:Czech
Published: Praha : SPN, 1976.
Edition:1. vyd.
Series:Vysokoškolské učebnice a příručky
Subjects:

MARC

Tag First Indicator Second Indicator Subfields
LEADER 00000cam a2200000 i 4500
001 in00001663305
005 20151024121511.0
008 780202s1976 cs b b 001 0 cze
010 |a  77472590  
015 |a Cz77 
020 |c Kčs29.00 
035 |a (OCoLC)ocm03670030 
040 |a DLC  |c DLC  |d TXA  |d UtOrBLW 
049 |a TXAM 
050 0 0 |a PG4745  |b .C4 
245 0 0 |a České nářeční texty :  |b [vysokošk. učeb. pro filozof. a pedagog. fakulty /  |c autor kol.] ; red. Arnošt Lamprecht. 
250 |a 1. vyd. 
264 1 |a Praha :  |b SPN,  |c 1976. 
300 |a 425 pages :  |b map (in pocket) ;  |c 21 cm. 
336 |a text  |b txt  |2 rdacontent 
337 |a unmediated  |b n  |2 rdamedia 
338 |a volume  |b nc  |2 rdacarrier 
490 0 |a Vysokoškolské učebnice a příručky 
504 |a Bibliography: pages 412-413. 
500 |a Includes index. 
536 |a From the Library of Professor Horace G. Lunt. October 2000. 
650 0 |a Czech language  |x Dialects  |x Texts. 
700 1 |a Lamprecht, Arnošt. 
948 |a cataloged  |b h  |c 2002/3/6  |d c  |e spoltoratski  |f 9:24:35 am 
994 |a E0  |b TXA 
999 |a MARS 
999 f f |s 3d7da8a0-4d41-35bc-bc57-d22e072083e2  |i 407366c8-1a33-329c-a480-35e46f1691c1  |t 0 
952 f f |p ric  |a Texas A&M University  |b Rellis Campus  |c Joint Library Facility  |s JLF  |d Remote Storage  |t 0  |e PG4745 .C4  |h Library of Congress classification  |i unmediated -- volume  |m A14828293543 
998 f f |a PG4745 .C4  |t 0  |l Remote Storage